[Event "EU-ch Union SCIPT"]
[Site "Balatonkenese"]
[Date "1999.??.??"]
[Round "6"]
[White "Johansen, Morten"]
[Black "Jagodzinski, Waldemar"]
[Result "1-0"]
[WhiteElo "2270"]
[BlackElo "2255"]
[PlyCount "83"]
[EventDate "1999.09.??"]
[EventType "swiss"]
[EventRounds "7"]
[EventCountry "HUN"]
[SourceTitle "EXT 2000"]
[Source "ChessBase"]
[SourceDate "1999.11.16"]
[SourceVersion "1"]
[SourceVersionDate "1999.11.16"]
[SourceQuality "1"]

1. d4 d5 2. c4 Nc6 3. Nf3 Bg4 4. Nc3 e6 5. cxd5 exd5 6. Bf4 Bb4 7. e3 Nge7 8. Be2 0-0 9. 0-0 Ng6 10. Bg3 Bd6 11. Qb3 Bxg3 12. hxg3 Nge7 13. Qxb7 Rb8 14. Qa6 Rxb2 15. Qa3 Rb8 16. Rab1 Bf5 17. Rb5 h6 18. Rc1 Qd7 19. Rxb8 Rxb8 20. Bb5 Rb6 21. Qc5 a6 22. Ba4 Qe6 23. a3 Be4 24. Nd2 Bd3 25. Nxd5 Nxd5 26. Bxc6 Nxe3 27. d5 Nxd5 28. Bxd5 Qe2 29. Nf3 Qb2 30. Qc3 Qb5 31. Bc6 Qf5 32. Nd4 Qg5 33. Re1 Bg6 34. Bf3 h5 35. Qxc7 Rf6 36. Qe5 Qd2 37. Qe3 Qb2 38. Kh2 Qb6 39. Kg1 Qc5 40. Qe8+ Kh7 41. Qe5 Kh6 42. Qxc5 1-0

[Event "EU-ch Union SCIPT"]
[Site "Balatonkenese"]
[Date "1999.??.??"]
[Round "7"]
[White "Suri, Hans"]
[Black "Johansen, Morten"]
[Result "1-0"]
[WhiteElo "2035"]
[BlackElo "2270"]
[PlyCount "127"]
[EventDate "1999.09.??"]
[EventType "swiss"]
[EventRounds "7"]
[EventCountry "HUN"]
[SourceTitle "EXT 2000"]
[Source "ChessBase"]
[SourceDate "1999.11.16"]
[SourceVersion "1"]
[SourceVersionDate "1999.11.16"]
[SourceQuality "1"]

1. e4 d5 2. exd5 Qxd5 3. Nc3 Qa5 4. d4 Nf6 5. Nf3 c6 6. Ne5 Bf5 7. Bd3 Bxd3 8. Qxd3 e6 9. 0-0 Na6 10. a3 Qc7 11. Re1 Rd8 12. b4 Nb8 13. Ne4 Nxe4 14. Qxe4 Bd6 15. Nf3 Nd7 16. Bg5 Nf6 17. Bxf6 gxf6 18. c4 Be7 19. Rad1 f5 20. Qe3 0-0 21. d5 cxd5 22. cxd5 Rd6 23. Nd4 Qd7 24. Nxf5 exf5 25. Qxe7 Rd8 26. Qxd7 R8xd7 27. Re5 f4 28. g4 fxg3 29. hxg3 Kg7 30. g4 Kf6 31. Rf5+ Kg6 32. Kg2 Rc7 33. Rd3 Rc4 34. Kf3 b6 35. Kg3 h6 36. f3 Kg7 37. Kf2 Kg6 38. Ke3 f6 39. Rf4 Rc7 40. Kd4 Kg5 41. Rf5+ Kg6 42. Rc3 Rcd7 43. b5 Kg7 44. Rc6 Kg6 45. Rxd6 Rxd6 46. Rh5 Kg7 47. f4 Kg6 48. f5+ Kg7 49. Rh3 Rd7 50. Re3 Kf7 51. Rh3 Kg7 52. Rc3 h5 53. gxh5 Kh6 54. Rg3 Kxh5 55. Rg6 Rd6 56. Ke4 a6 57. a4 axb5 58. axb5 Kh4 59. Rg7 Rd8 60. Re7 Kg5 61. Re6 Rb8 62. d6 Rd8 63. Kd5 Kxf5 64. Re7 1-0

[Event "DEN-chT 9899"]
[Site "Denmark"]
[Date "1998.11.01"]
[Round "1.5"]
[White "Johansen, Morten"]
[Black "Nilssen, John Arni"]
[Result "1/2-1/2"]
[WhiteElo "2267"]
[BlackElo "2305"]
[PlyCount "160"]
[EventDate "1998.11.01"]
[EventType "team-tourn"]
[EventRounds "7"]
[EventCountry "DEN"]
[SourceTitle "EXT 2023"]
[Source "ChessBase"]
[SourceDate "2022.10.05"]
[SourceVersion "1"]
[SourceVersionDate "2022.10.05"]
[SourceQuality "1"]
[WhiteTeam "Nordre"]
[BlackTeam "Aarhus"]
[WhiteTeamCountry "DEN"]
[BlackTeamCountry "DEN"]

1. d4 Nf6 2. c4 e6 3. Nf3 b6 4. g3 Ba6 5. b3 Bb4+ 6. Bd2 Be7 7. Nc3 Bb7 8. Bg2 0-0 9. 0-0 c5 10. Qc2 cxd4 11. Nxd4 Bxg2 12. Kxg2 Qc7 13. Qd3 Na6 14. Ndb5 Qc6+ 15. Qf3 Rfd8 16. Bf4 Qxf3+ 17. Kxf3 d5 18. cxd5 Nxd5 19. Nxd5 Rxd5 20. a4 Rd7 21. a5 Bf6 22. Ra2 Nb4 23. Ra4 bxa5 24. Rxa5 Nc6 25. Ra6 Rb7 26. Rxc6 Rxb5 27. Rfc1 Rxb3+ 28. Kg4 h5+ 29. Kxh5 a5 30. Rc8+ Rxc8 31. Rxc8+ Kh7 32. Ra8 Rb4 33. Rxa5 g6+ 34. Kg4 e5 35. e3 exf4 36. gxf4 Rb2 37. Kg3 Kg7 38. Rd5 Bc3 39. Rd1 Bb4 40. Kf3 Kf6 41. Rg1 Rc2 42. Rb1 Bc3 43. Rg1 Bb2 44. Rg5 Kg7 45. Rb5 Bf6 46. Kg3 Rc1 47. Kg2 Bh4 48. Rb2 Rc5 49. Ra2 Bd8 50. Rd2 Bc7 51. h3 Ba5 52. Rb2 Bc3 53. Ra2 Rb5 54. Rc2 Bf6 55. Kg3 Rb1 56. Rd2 Rb2 57. Rd1 Kh6 58. Rc1 Kh5 59. Rc5+ Kh6 60. Rc1 Rd2 61. Rc7 Kg7 62. Rc5 Bd8 63. Rb5 f5 64. Rc5 Kh6 65. Rc8 Kg7 66. Rc6 Kf7 67. Ra6 Be7 68. Rb6 Rd6 69. Rb5 Ke6 70. Ra5 Bd8 71. Rb5 Kd7 72. Rc5 Bf6 73. Rc2 Ke6 74. Rc5 Rb6 75. Rc8 Kd5 76. Kf3 Rc6 77. Rg8 Be7 78. Rg7 Bb4 79. Rd7+ Kc4 80. h4 Rf6 1/2-1/2

[Event "Nordre Efteraar"]
[Site "Aarhus"]
[Date "1998.10.18"]
[Round "9"]
[White "Williams, Simon Kim"]
[Black "Johansen, Morten"]
[Result "1-0"]
[WhiteElo "2335"]
[BlackElo "2285"]
[PlyCount "73"]
[EventDate "1998.10.??"]
[EventType "schev"]
[EventRounds "9"]
[EventCountry "DEN"]
[SourceTitle "EXT 2000"]
[Source "ChessBase"]
[SourceDate "1999.11.16"]
[SourceVersion "1"]
[SourceVersionDate "1999.11.16"]
[SourceQuality "1"]

1. c4 c6 2. Nc3 d5 3. cxd5 cxd5 4. d4 Nf6 5. Bf4 a6 6. e3 e6 7. Bd3 Nc6 8. Rc1 Be7 9. Nf3 0-0 10. Ne5 Nxe5 11. dxe5 Nd7 12. h4 f5 13. g4 Nc5 14. Bb1 Ne4 15. f3 Bxh4+ 16. Ke2 Nf2 17. Qd4 Nxh1 18. Rxh1 Bg5 19. Rg1 Bxf4 20. exf4 Rf7 21. Na4 b6 22. gxf5 exf5 23. Nxb6 Rb8 24. Na4 Qa5 25. Rc1 Bd7 26. Nc5 Qb5+ 27. Ke3 Bc6 28. b3 a5 29. Bd3 Qb6 30. a3 Rc8 31. b4 axb4 32. axb4 Bb5 33. e6 Rf6 34. Bxb5 Qxb5 35. Qxd5 h6 36. Qd7 Qc6 37. Rd1 1-0

[Event "Nordre Efteraar"]
[Site "Aarhus"]
[Date "1998.10.13"]
[Round "4"]
[White "Johansen, Morten"]
[Black "Ziegler, Ari"]
[Result "0-1"]
[WhiteElo "2285"]
[BlackElo "2410"]
[PlyCount "56"]
[EventDate "1998.10.??"]
[EventType "schev"]
[EventRounds "9"]
[EventCountry "DEN"]
[SourceTitle "EXT 2000"]
[Source "ChessBase"]
[SourceDate "1999.11.16"]
[SourceVersion "1"]
[SourceVersionDate "1999.11.16"]
[SourceQuality "1"]

1. d4 d5 2. c4 c6 3. Nf3 Nf6 4. Nc3 dxc4 5. a4 Bf5 6. e3 e6 7. Bxc4 Bb4 8. 0-0 0-0 9. Qe2 Bg6 10. Na2 Bd6 11. Bd2 Qe7 12. Rfc1 Nbd7 13. Bc3 Bh5 14. Qd1 Ne4 15. Be2 Rad8 16. Qc2 f5 17. Re1 Rf6 18. Ne5 Bxe2 19. Rxe2 Rh6 20. g3 Qe8 21. f3 Ng5 22. f4 Nh3+ 23. Kh1 Nf6 24. Rg2 Bxe5 25. dxe5 Ne4 26. Qe2 c5 27. b3 Qc6 28. Qb5 Nef2# 0-1

[Event "Aarhus Summer"]
[Site "Aarhus"]
[Date "1998.07.06"]
[Round "1"]
[White "Johansen, Morten"]
[Black "Rendboe, John Filip"]
[Result "1-0"]
[WhiteElo "2305"]
[BlackElo "2320"]
[PlyCount "91"]
[EventDate "1998.??.??"]
[EventType "tourn"]
[EventRounds "7"]
[EventCountry "DEN"]
[SourceTitle "EXT 1999"]
[Source "ChessBase"]
[SourceDate "1998.11.16"]
[SourceVersion "1"]
[SourceVersionDate "1998.11.16"]
[SourceQuality "1"]

1. d4 Nf6 2. c4 e6 3. Nf3 d5 4. Nc3 c5 5. cxd5 cxd4 6. Nxd4 exd5 7. g3 Be7 8. Bg2 0-0 9. 0-0 Nc6 10. Bg5 h6 11. Bf4 a6 12. Rc1 Qb6 13. Nxc6 bxc6 14. Na4 Qb5 15. Be3 Bg4 16. Re1 Bb4 17. Nc3 Qb7 18. a3 Bd6 19. Na4 Rfe8 20. Qc2 Rac8 21. Nb6 Rc7 22. Bc5 Bxc5 23. Qxc5 Rxe2 24. Rxe2 Bxe2 25. Re1 Re7 26. f3 Re8 27. Kf2 Bd3 28. Rxe8+ Nxe8 29. Bh3 Nf6 30. b4 Qc7 31. Qd4 Bg6 32. Bf1 Qa7 33. Qc5 Qb7 34. Bh3 Bd3 35. Qd4 Qa7 36. Ke3 Bb5 37. Qc5 Qc7 38. Kd4 Be2 39. f4 Ne4 40. Nxd5 Qd8 41. Kxe4 cxd5+ 42. Ke3 Bb5 43. Qc8 Qxc8 44. Bxc8 Kf8 45. Kd4 Bc4 46. Bb7 1-0

[Event "Plzen KB op-A U18"]
[Site "Plzen"]
[Date "1997.??.??"]
[Round "3"]
[White "Johansen, Morten"]
[Black "Dolezal, Radoslav"]
[Result "1-0"]
[WhiteElo "2240"]
[BlackElo "2300"]
[PlyCount "91"]
[EventDate "1997.??.??"]
[EventType "swiss"]
[EventRounds "9"]
[EventCountry "CZE"]
[SourceTitle "EXT 1998"]
[Source "ChessBase"]
[SourceDate "1997.11.17"]
[SourceVersion "1"]
[SourceVersionDate "1997.11.17"]
[SourceQuality "1"]

1. d4 Nf6 2. c4 e6 3. Nf3 d5 4. Nc3 Nbd7 5. cxd5 exd5 6. Bg5 Be7 7. e3 c6 8. Bd3 0-0 9. Qc2 Re8 10. 0-0 Nf8 11. Rab1 N6d7 12. Bf4 Nb6 13. b4 a6 14. a4 Be6 15. a5 Nc8 16. Na4 Bd6 17. Nc5 Bxf4 18. exf4 Nd6 19. Rfe1 Qf6 20. g3 Rad8 21. Re5 g6 22. Rbe1 Bg4 23. Nd2 Bc8 24. Ndb3 Qg7 25. Rxe8 Rxe8 26. Rxe8 Nxe8 27. Qe2 Ne6 28. Nxe6 fxe6 29. Qe5 Qe7 30. Nc5 Qd6 31. h4 Qxe5 32. dxe5 Ng7 33. g4 Kf7 34. f3 Ke7 35. Kf2 Kd8 36. Ke3 Kc7 37. Kd4 b6 38. axb6+ Kxb6 39. Na4+ Kc7 40. Kc5 Bb7 41. Nc3 Bc8 42. Ne2 Bd7 43. Bxa6 Be8 44. Bd3 Bd7 45. Nd4 Be8 46. Bc2 1-0

[Event "Plzen KB op-A U18"]
[Site "Plzen"]
[Date "1997.??.??"]
[Round "7"]
[White "Neuman, Petr"]
[Black "Johansen, Morten"]
[Result "0-1"]
[WhiteElo "2385"]
[BlackElo "2240"]
[PlyCount "73"]
[EventDate "1997.??.??"]
[EventType "swiss"]
[EventRounds "9"]
[EventCountry "CZE"]
[SourceTitle "EXT 1998"]
[Source "ChessBase"]
[SourceDate "1997.11.17"]
[SourceVersion "1"]
[SourceVersionDate "1997.11.17"]
[SourceQuality "1"]

1. d4 d5 2. c4 c6 3. Nc3 Nf6 4. Nf3 e6 5. e3 Nbd7 6. Bd3 Bd6 7. e4 dxe4 8. Nxe4 Nxe4 9. Bxe4 h6 10. 0-0 0-0 11. Bc2 e5 12. Qd3 f5 13. c5 Bc7 14. Qb3+ Kh7 15. dxe5 Nxe5 16. Bf4 Be6 17. Qc3 Nxf3+ 18. Qxf3 Bd5 19. Qg3 Bxf4 20. Qxf4 Qf6 21. Rae1 Qxb2 22. Bxf5+ Kg8 23. Qg4 Qf6 24. Bb1 Rae8 25. Qg3 Re6 26. Rxe6 Qxe6 27. a3 b6 28. Qc3 Re8 29. Rc1 Qg4 30. f3 Qf4 31. cxb6 axb6 32. Re1 Rxe1+ 33. Qxe1 Qd4+ 34. Qf2 Qc3 35. h3 Qc1+ 36. Qf1 Qxa3 37. Qd3 0-1

[Event "DEN-chT 9697"]
[Site "Denmark"]
[Date "1996.11.17"]
[Round "2.2"]
[White "Mortensen, Erling"]
[Black "Johansen, Morten"]
[Result "1-0"]
[WhiteElo "2445"]
[BlackElo "2220"]
[PlyCount "61"]
[EventDate "1996.11.03"]
[EventType "team-tourn"]
[EventRounds "7"]
[EventCountry "DEN"]
[SourceTitle "EXT 2023"]
[Source "ChessBase"]
[SourceDate "2022.10.05"]
[SourceVersion "1"]
[SourceVersionDate "2022.10.05"]
[SourceQuality "1"]
[WhiteTeam "Copenhagen 34"]
[BlackTeam "Nordre"]
[WhiteTeamCountry "DEN"]
[BlackTeamCountry "DEN"]

1. e4 d5 2. exd5 Qxd5 3. Nc3 Qa5 4. d4 Nf6 5. Nf3 Bf5 6. Ne5 c6 7. Bc4 e6 8. g4 Be4 9. 0-0 Bd5 10. Bd3 Nfd7 11. f4 Be7 12. g5 g6 13. Be3 Qd8 14. Qg4 h5 15. Qh4 Nxe5 16. fxe5 Qb6 17. b3 Qa5 18. Ne4 Nd7 19. c4 Bxe4 20. Qxe4 Rh7 21. Rf2 0-0-0 22. Bf1 h4 23. h3 Rf8 24. Rd1 Nb6 25. Bg2 Rh5 26. Rdf1 Bxg5 27. Bxg5 Rxg5 28. Qxh4 Rf5 29. Qe7 Rg8 30. Rxf5 gxf5 31. Qxf7 1-0

[Event "Porsgrunn U18"]
[Site "Porsgrunn"]
[Date "1996.??.??"]
[Round "?"]
[White "Gaasland, Glenn"]
[Black "Johansen, Morten"]
[Result "0-1"]
[WhiteElo "2165"]
[BlackElo "2195"]
[PlyCount "60"]
[EventDate "1996.??.??"]
[EventType "swiss"]
[EventRounds "9"]
[EventCountry "NOR"]
[SourceTitle "EXT 2006"]
[Source "ChessBase"]
[SourceDate "2005.11.24"]
[SourceVersion "1"]
[SourceVersionDate "2005.11.24"]
[SourceQuality "1"]

1. d4 d5 2. c4 e6 3. Nc3 Nf6 4. cxd5 exd5 5. Bg5 c6 6. e3 Nbd7 7. Bd3 Be7 8. Nf3 0-0 9. 0-0 Re8 10. Qb1 a5 11. a3 h6 12. Bh4 Ne4 13. Bxe7 Qxe7 14. Rc1 Nf8 15. Na4 Bf5 16. b4 Ng6 17. b5 Nh4 18. Nxh4 Qxh4 19. Ra2 cxb5 20. Nb6 Rad8 21. Qxb5 Qg5 22. Nxd5 Nd6 23. Qxa5 Bxd3 24. f4 b6 25. Qxb6 Qxd5 26. Raa1 Rc8 27. Rc5 Rxc5 28. dxc5 Nc4 29. Qb4 Nxe3 30. Qd2 Nc4 0-1

[Event "Aarhus"]
[Site "Aarhus"]
[Date "1996.??.??"]
[Round "3"]
[White "Johansen, Morten"]
[Black "Anka, Emil"]
[Result "0-1"]
[WhiteElo "2195"]
[BlackElo "2405"]
[PlyCount "68"]
[EventDate "1996.??.??"]
[EventType "tourn"]
[EventRounds "9"]
[EventCountry "DEN"]
[EventCategory "4"]
[SourceTitle "EXT 1998"]
[Source "ChessBase"]
[SourceDate "1997.11.17"]
[SourceVersion "1"]
[SourceVersionDate "1997.11.17"]
[SourceQuality "1"]

1. d4 Nf6 2. Nf3 e6 3. Bg5 c5 4. e3 cxd4 5. exd4 b6 6. Bd3 Bb7 7. Nbd2 Be7 8. 0-0 0-0 9. Qe2 d6 10. c3 a6 11. Rfe1 Nbd7 12. a4 Re8 13. Nc4 Qc7 14. Ne3 Bf8 15. Nd2 Qc6 16. d5 exd5 17. Bxf6 Nxf6 18. Nb3 g6 19. Nd4 Qd7 20. Qf3 Bg7 21. Qf4 Re5 22. Nf3 Re7 23. Qb4 Qc7 24. Nd4 Rae8 25. Red1 Qc5 26. Qb3 Rxe3 27. fxe3 Ng4 28. Qa3 Bh6 29. Be2 Bxe3+ 30. Kf1 Nxh2+ 31. Ke1 Qc7 32. Nc2 Qe7 33. Nxe3 Qxe3 34. Rd2 Qg1# 0-1